A Glimpse into the Bhagavadgeetha (Record no. 198455)

MARC details
000 -LEADER
fixed length control field 00648nam a22001937a 4500
005 - DATE AND TIME OF LATEST TRANSACTION
control field 20230920131033.0
010 ## - LCCN (DPL NO)
LC control number ENG-138199
020 ## - INTERNATIONAL STANDARD BOOK NUMBER
International Standard Book Number 9789392451874
Terms of availability 275.00
035 ## - SYSTEM CONTROL NUMBER
System control number EN-121731
037 ## - SOURCE OF ACQUISITION
Source of stock number/acquisition DBAD/PUB
082 ## - DEWEY DECIMAL CLASSIFICATION NUMBER
Classification number 230.1
100 ## - MAIN ENTRY--PERSONAL NAME
Personal name Ramakrishna, G.
245 ## - TITLE STATEMENT
Title A Glimpse into the Bhagavadgeetha
Statement of responsibility, etc By G. Ramakrishna and Translated by B. R. Manjunath
260 ## - PUBLICATION, DISTRIBUTION, ETC. (IMPRINT)
Place of publication, distribution, etc Bengaluru
Name of publisher, distributor, etc Navakarnataka Publications Private Limited
Date of publication, distribution, etc 2023
270 ## - ADDRESS
Address Embassy Centre, Crescent Road,
City Bengaluru
Postal code 560001
300 ## - PHYSICAL DESCRIPTION
Extent 224 p.
Dimensions 22cm(pbk)
700 ## - ADDED ENTRY--PERSONAL NAME
Personal name Manjunath, B. R.
Relator term Author
9 (RLIN) 56915
942 ## - ADDED ENTRY ELEMENTS (KOHA)
Source of classification or shelving scheme Dewey Decimal Classification
Item type English Books
Classification part 230.1
Call number suffix RAM
Holdings
Withdrawn status Lost status Not for loan Collection code Home library Current library Date acquired Source of acquisition Cost, normal purchase price Full call number Barcode Copy number Cost, replacement price Koha item type
      Non-fiction Bawana Bawana 20/09/2023 DBAD/PUB 275.00 230.1 RAM EN-121731 1 275.00 English Books

© Delhi Public Library
Hit Counter
free hit counter